Sandro of Chegem / (Запис № 545589)

МАРК-запис
000 -LEADER
fixed length control field 01262nam a2200301M 4500
001 - CONTROL NUMBER
control field sandroofchegem00iska
003 - CONTROL NUMBER IDENTIFIER
control field CaSfIA
005 - DATE AND TIME OF LATEST TRANSACTION
control field 20210119080225.0
007 - PHYSICAL DESCRIPTION FIXED FIELD--GENERAL INFORMATION
fixed length control field cr||||
008 - FIXED-LENGTH DATA ELEMENTS--GENERAL INFORMATION
fixed length control field 091127s1983 nyu 000 u eng d
040 ## - CATALOGING SOURCE
Original cataloging agency DKDLA
Language of cataloging dan
Transcribing agency DKDLA
Modifying agency CaSfIA
020 ## - INTERNATIONAL STANDARD BOOK NUMBER
International Standard Book Number 0394715160
020 ## - INTERNATIONAL STANDARD BOOK NUMBER
International Standard Book Number 9780394715162
035 ## - SYSTEM CONTROL NUMBER
System control number (OCoLC)470806927
041 1# - LANGUAGE CODE
Language code of text/sound track or separate title eng
Language code of original and/or intermediate translations of text rus
082 #4 - DEWEY DECIMAL CLASSIFICATION NUMBER
Classification number 891.7344
Edition number 19
029 0# - (OCLC)
OCLC library identifier DKDLA
System control number 22825066
100 1# - MAIN ENTRY--PERSONAL NAME
Personal name Iskander, Fazil'.
240 10 - UNIFORM TITLE
Uniform title <a href="Sandro iz Cegema.">Sandro iz Cegema.</a>
245 10 - TITLE STATEMENT
Title Sandro of Chegem /
Medium [electronic resource]
Statement of responsibility, etc by Fazil Iskander ; transl. from the Russian by Susan Brownsberger.
260 ## - PUBLICATION, DISTRIBUTION, ETC. (IMPRINT)
Place of publication, distribution, etc New York :
Name of publisher, distributor, etc Vintage Books,
Date of publication, distribution, etc 1983.
300 ## - PHYSICAL DESCRIPTION
Extent 368 s.
506 ## - RESTRICTIONS ON ACCESS NOTE
Standardized terminology for access restriction Необхідна авторизація на https://archive.org/ (створення облікового запису безкоштовно)
506 ## - RESTRICTIONS ON ACCESS NOTE
Standardized terminology for access restriction Необхідна авторизація на https://openlibrary.org/ (створення облікового запису безкоштовно)
856 41 - ELECTRONIC LOCATION AND ACCESS
Uniform Resource Identifier <a href="http://www.archive.org/details/sandroofchegem00iska">http://www.archive.org/details/sandroofchegem00iska</a>
Public note Free eBook from the Internet Archive
856 42 - ELECTRONIC LOCATION AND ACCESS
Uniform Resource Identifier <a href="http://www.openlibrary.org/books/OL3507648M">http://www.openlibrary.org/books/OL3507648M</a>
Public note Additional information and access via Open Library
942 ## - ADDED ENTRY ELEMENTS (KOHA)
Koha item type ЕКнига

Немає доступних примірників.